000 00658nam a22001575i 4500
001 163739
003 ES-MaACL
005 20230906212812.0
008 991022s1884 sp |||| | spa d
040 _aCCPB | B
_bspa
_cCCPB | B
100 1 _aRodríguez Arango y Murias, Juan María.
_9131935
245 1 0 _aDiscurso leído ante la Academia de Derecho de la Universidad de Oviedo en la sesión inaugural del año de 1884 á 1885 /
_cpor Juan Mª Rodríguez Arango y Múrias.
260 _aOviedo :
_b[s.n.],
_c1884 (
_fimp. y lit. de Vicente Brid)
300 _a28 p. ;
_c26 cm.
852 _aES-MaACL
_jT-388-F-10
_z-- Enc. hol.
_z-- Enc. en un vol. facticio
999 _c163739
_d163739